[Event "Arvier Amatori op 2nd"]
[Site "Arvier"]
[Date "2012.01.05"]
[Round "4"]
[White "Piazza, Giacomo"]
[Black "Ricci, Piero"]
[Result "1/2-1/2"]
[WhiteElo "1638"]
[BlackElo "1440"]
[PlyCount "95"]
[EventDate "2012.01.02"]
[EventType "swiss"]
[EventRounds "7"]
[EventCountry "ITA"]
[SourceTitle "EXT 2014"]
[Source "ChessBase"]
[SourceDate "2013.11.20"]
[SourceVersion "1"]
[SourceVersionDate "2013.11.20"]
[SourceQuality "1"]

1. e4 e6 2. Nf3 Nc6 3. Bc4 Bc5 4. 0-0 Na5 5. Be2 Nc6 6. c3 Nf6 7. d4 Be7 8. d5 exd5 9. exd5 Nb8 10. Re1 d6 11. Bc4 Bg4 12. Bg5 0-0 13. Nbd2 h6 14. Bxf6 Bxf6 15. Ne4 Nd7 16. Qd3 Bxf3 17. Qxf3 Ne5 18. Nxf6+ Qxf6 19. Qxf6 gxf6 20. Bb3 Rae8 21. Re3 Ng6 22. Rg3 Re2 23. h4 h5 24. Rf1 Re5 25. c4 Rfe8 26. f4 Re3 27. Rff3 Rxf3 28. gxf3 Kf8 29. Ba4 Re1+ 30. Kf2 Rb1 31. Ke3 Rxb2 32. Bb3 Ke7 33. f5 Nxh4 34. Rg8 Nxf5+ 35. Kf4 Nd4 36. Ba4 b5 37. cxb5 Nxb5 38. Bb3 f5 39. Rh8 Rh2 40. Rb8 a6 41. Rb7 h4 42. Bc4 Kd7 43. a4 Nc3 44. Bxa6 Nxd5+ 45. Kxf5 Kc6 46. Rb3 Rc2 47. Bb7+ Kc5 48. Rb5+ 1/2-1/2